000 00327nam a2200121Ia 4500
008 230303s9999 xx 000 0 und d
041 _aeng
082 _a621.815 JUN
100 _aJUNEJA (B.L) SEKHON (G.S) SETH (NITIN)
245 _aFUNDAMENTALS OF METAL CUTTING AND MACHINE TOOLS
260 _aDELHI
_bNEW AGE
365 _cRS
999 _c186659
_d186659